Statistics for Countries with Shortest Women

Click here to take the quiz!

General Stats

  • This quiz has been taken 478 times
  • The average score is 10 of 20

Answer Stats

#Average Height (ft)Average Height (m)Country% Correct
24' 9.75"1.47Indonesia
77%
105' 0"1.522Vietnam
77%
115' 0"1.524Cambodia
68%
195' 1"1.55Mexico
68%
125' 0.25"1.533Malaysia
66%
74' 11.5"1.51Peru
64%
44' 11.25"1.502Philippines
62%
14'8"1.422Bolivia
61%
175' 1"1.55Colombia
60%
64' 11.25"1.508Nepal
59%
54' 11.25"1.506Bangladesh
57%
135' 0.5"1.535Ecuador
56%
34' 10"1.473Guatemala
54%
94' 11.75"1.52Panama
52%
165' 1"1.549North Korea
51%
84' 11.5"1.514Sri Lanka
47%
205' 1.25"1.558Iraq
35%
155' 0.75"1.543Madagascar
15%
145' 0.75"1.542Bahrain
10%
185' 1"1.55Malawi
10%

Score Distribution

Percentile by Number Answered

Percent of People with Each Score

Your Score History

You have not taken this quiz